Paris : Les voies se référant à une date - Statistiques

Statistiques générales
  • Ce quiz a été pris 39 fois
  • Le résultat moyen est 8 sur 10
Statistiques - réponses
Hint Réponse % Correct
18 juin 1940 Appel du général de Gaulle
100%
11 novembre 1918 Armistice de 1918
100%
19 mars 1962 Cessez-le-feu en Algérie
100%
29 juillet 1830 Fin de la révolution de 1830
95%
9 novembre 1989 Chute du mur de Berlin
92%
4 septembre 1870 Proclamation de la IIIe République
92%
25 août 1944 Libération de Paris
86%
8 novembre 1942 Débarquement allié en Afrique-du-Nord
76%
8 février 1962 Manifestation de Charonne
46%
22 novembre 1943 Indépendance du Liban
27%
Aucun quiz correspondant
Distribution des résultats
% des personnes avec chaque résultat
Percentile par nombre de réponses
Votre historique - résultats
Vous n’avez pas pris ce quiz